| 000 | 00736nam a2200229Ia 4500 | ||
|---|---|---|---|
| 005 | 20250622124035.0 | ||
| 008 | 250617s9999||||xx |||||||||||||| ||ara|| | ||
| 017 |
_a2017/14814 _bمصر. دار الكتب |
||
| 020 | _a9789776467743 | ||
| 082 | 0 | 4 |
_a"813,088" _bع أ |
| 100 | 0 | _aعمر طاهر | |
| 245 | 1 | 0 |
_aأثر النبى : _bقصص قصيرة من وحى السيرة / _cعمر طاهر |
| 250 | _aط17 | ||
| 260 | 3 |
_aالقاهرة : _b"الكرمة للنشر،" _c2017. |
|
| 300 |
_a183ص ؛ _b _c20سم. |
||
| 650 | _aالأدب الدينى | ||
| 650 | _aالأدب العربى | ||
| 650 | _aالقصص الدينية | ||
| 650 | _aالقصص العربية | ||
| 942 | _cBK | ||
| 999 |
_c67645 _d67645 |
||